000 00508nam a2200181 i 4500
001 125784
003 ES-MaACL
005 20250912063049.0
007 t|
008 070214s1972 sp r ||||1| spa d
100 1 _aReglá, Juan,
_d1917-1973
_995897
245 1 0 _aTemas medievales /
_cJuan Reglá.
260 _aValencia :
_bFacsímil,
_c1972.
300 _a192 p. ;
_c22 cm.
651 4 _aAragón (Reino)-
_xHistoria.
_97791
852 _aES-MaACL
_jC-48784
_bR.84768
999 _c125784
_d125784